Catálogo
 En Linea

Algunas sugestiones sobre la enseñanza acerca de los derechos humanos. (Registro nro. 22582)

Detalles MARC
000 -CABECERA
campo de control de longitud fija 00533nam a2200169 a 4500
001 - NÚMERO DE CONTROL
campo de control 000023085
005 - FECHA Y HORA DE LA ÚLTIMA TRANSACCIÓN
campo de control 20200930021958.0
008 - DATOS DE LONGITUD FIJA--INFORMACIÓN GENERAL
campo de control de longitud fija 101126s1978 fr r 000 0 spa d
040 ## - FUENTE DE LA CATALOGACIÓN
Centro catalogador/agencia de origen DO-SdBNP
Lengua de catalogación spa
Centro/agencia transcriptor BNPHU
082 ## - NÚMERO DE LA CLASIFICACIÓN DECIMAL DEWEY
Número de clasificación xxxxx
Número de documento/Ítem A396s
245 00 - MENCIÓN DE TÍTULO
Título Algunas sugestiones sobre la enseñanza acerca de los derechos humanos.
250 ## - MENCIÓN DE EDICIÓN
Mención de edición 2a. ed.
260 ## - PUBLICACIÓN, DISTRIBUCIÓN, ETC.
Lugar de publicación, distribución, etc. París :
Nombre del editor, distribuidor, etc. UNESCO,
Fecha de publicación, distribución, etc. 1978.
300 ## - DESCRIPCIÓN FÍSICA
Extensión 165 p. ;
Dimensiones 20 cm.
590 ## - NOTA LOCAL (RLIN)
Nota local Inventariado, 2019/VM
500 ## - NOTA GENERAL
Nota general Incluye referencias bibliográficas y notas al pie de las páginas.
Existencias
Estado de retiro Estado de pérdida Restricciones de uso No para préstamo Código de colección Localización permanente Ubicación/localización actual Ubicación en estantería Fecha de adquisición Número de inventario Total de préstamos Signatura topográfica completa Código de barras Fecha visto por última vez Precio válido a partir de Tipo de ítem Koha
        Monografías: Libros y Folletos General General Depósito 26.11.2010 LF1   xxxxx A396s 23085-10 25.06.2020 25.06.2020 Préstamo en sala

Con tecnología Koha